000 00356nam a2200145Ia 4500
003 LK-CoDNM
008 010623t1915 xxu||||| |||| 00| 1 eng d
040 _aLK-CoDNM
_dLK-CoDNM
_eLK-CoDNM
041 _aeng
080 _a50
_bF2
245 _aThe Mahinda College Magazine
260 _bAlbion Press
_aGalle
_c1915
300 _b71p,1ill., 22 cm
942 _cBK
999 _c88445
_d88445